[Event "XIII Weekend Citta' di Firenze A"]
[Site "Firenze ITA"]
[Date "2005.12.10"]
[Round "4"]
[White "Bracali, Andrea"]
[Black "Nones, Giorgio"]
[Result "1-0"]
[WhiteElo "2111"]
[BlackElo "1790"]
[PlyCount "161"]
[EventDate "2005.12.03"]

1. Nf3 c5 2. c3 d5 3. d4 e6 4. Bf4 Nc6 5. e3 a6 6. Nbd2 Nf6 7. Bd3 c4 8. Bc2
Bd6 9. Bg3 Qc7 10. e4 Bxg3 11. hxg3 dxe4 12. Nxe4 Nxe4 13. Bxe4 h6 14. Qe2 Ne7
15. Nd2 Bd7 16. Qxc4 Rc8 17. Qxc7 Rxc7 18. O-O O-O 19. Rfe1 Bc6 20. Rac1 Bxe4
21. Nxe4 Nd5 22. Nc5 a5 23. a4 b6 24. Ne4 Rd8 25. Nd2 Kf8 26. Kf1 Rdc8 27. Ra1
Rd8 28. Nb1 Rcd7 29. Na3 Rc8 30. Re5 Rc6 31. Rae1 Nc7 32. g4 Rd5 33. Rxd5 Nxd5
34. g3 Nf6 35. f3 Nd5 36. Kf2 g6 37. Nc2 Rc4 38. Ra1 Kg7 39. Ne3 Nxe3 40. Kxe3
Kf6 41. Kd3 Rc6 42. Re1 Rd6 43. Re5 Ke7 44. Rb5 f5 45. b4 axb4 46. cxb4 Kd7 47.
Re5 fxg4 48. fxg4 Rc6 49. a5 bxa5 50. bxa5 Rc1 51. g5 h5 52. Ke4 Ra1 53. Rb5
Re1+ 54. Kf3 Rf1+ 55. Kg2 Ra1 56. Rb7+ Kc8 57. Rg7 Rxa5 58. Rxg6 Kd7 59. Rg7+
Ke8 60. g6 Rg5 61. Rh7 Rxg6 62. Rxh5 Rg4 63. Rh4 Rg5 64. Rf4 Kd7 65. Kh3 e5 66.
dxe5 Rxe5 67. g4 Ke8 68. Kh4 Re7 69. Kg5 Rf7 70. Rxf7 Kxf7 71. Kh6 Kg8 72. Kg6
Kh8 73. Kf7 Kh7 74. g5 Kh8 75. Kg6 Kg8 76. Kf6 Kh7 77. Kf7 Kh8 78. Kg6 Kg8 79.
Kh6 Kh8 80. g6 Kg8 81. g7 1-0

[Event "XIII Weekend Citta' di Firenze A"]
[Site "Firenze ITA"]
[Date "2005.12.10"]
[Round "4"]
[White "Burgassi, Daniele"]
[Black "Mattei, Marco"]
[Result "0-1"]
[WhiteElo "1703"]
[BlackElo "2101"]
[PlyCount "62"]
[EventDate "2005.12.03"]

1. e4 c5 2. Nc3 Nc6 3. f4 g6 4. Nf3 Bg7 5. Bc4 e6 6. e5 d6 7. exd6 Qxd6 8. Ne4
Qe7 9. O-O Nf6 10. d3 O-O 11. a3 b6 12. Qe1 Bb7 13. Kh1 Rad8 14. Rb1 h6 15. Bd2
a5 16. Bc3 Nd4 17. Nxd4 cxd4 18. Nxf6+ Qxf6 19. Bd2 Rc8 20. c3 Qf5 21. cxd4 b5
22. Ba2 Qxd3 23. Rd1 Qc2 24. Rf2 Bxd4 25. Be3 Qxd1 26. Qxd1 Bxe3 27. Rf1 Rfd8
28. Qe2 Rd2 29. Qxe3 Rxg2 30. Qb6 Ba8 31. Qa6 Rg4+ 0-1

[Event "XIII Weekend Citta' di Firenze A"]
[Site "Firenze ITA"]
[Date "2005.12.10"]
[Round "4"]
[White "Campanella, Giovanni"]
[Black "Bini, Alessandro"]
[Result "1/2-1/2"]
[WhiteElo "1754"]
[BlackElo "1826"]
[PlyCount "105"]
[EventDate "2005.12.03"]

1. e4 Nc6 2. d4 d6 3. c4 Nf6 4. Nc3 g6 5. f4 Bh6 6. Be2 O-O 7. Bf3 e5 8. Nge2
Bg4 9. O-O Bxf3 10. Rxf3 exd4 11. Nxd4 Re8 12. Nxc6 bxc6 13. Qd3 Qe7 14. Bd2
Nxe4 15. Re1 f5 16. Rh3 Bg7 17. Ree3 Qe6 18. b3 Rad8 19. Qc2 Bd4 20. Ne2 Bxe3+
21. Rxe3 Qf6 22. Ba5 Re7 23. Qd1 d5 24. Rd3 Nc5 25. Bb4 Nxd3 26. Bxe7 Qxe7 27.
Qxd3 Re8 28. Kf2 Qe4 29. Qxe4 Rxe4 30. cxd5 cxd5 31. g3 Kf7 32. Nc3 d4 33. Nxe4
fxe4 34. Ke2 c5 35. g4 Ke6 36. h3 Kd5 37. a3 a6 38. Kd2 c4 39. bxc4+ Kxc4 40.
h4 a5 41. a4 Kb4 42. h5 gxh5 43. f5 Kc5 44. g5 h4 45. g6 hxg6 46. fxg6 h3 47.
g7 h2 48. g8=Q h1=Q 49. Qg5+ Kb4 50. Qb5+ Ka3 51. Qc5+ Kxa4 52. Qxd4+ Kb5 53.
Qd5+ 1/2-1/2

[Event "XIII Weekend Citta' di Firenze A"]
[Site "Firenze ITA"]
[Date "2005.12.10"]
[Round "4"]
[White "Caporali, Roberto"]
[Black "Burbi, Marco"]
[Result "0-1"]
[WhiteElo "1652"]
[BlackElo "1808"]
[PlyCount "56"]
[EventDate "2005.12.03"]

1. e4 e5 2. Nf3 Nc6 3. Nc3 Nf6 4. d4 exd4 5. Nxd4 Bb4 6. Nxc6 bxc6 7. Bg5 Qe7
8. Bd3 Qe5 9. Bd2 O-O 10. O-O d6 11. Re1 Ng4 12. g3 Bc5 13. Rf1 Qf6 14. e5 Qxe5
15. Bf4 Qd4 16. Ne4 Bb6 17. c3 Qd5 18. Qc2 h6 19. Rad1 Qe6 20. b4 Ne5 21. Bxe5
Qxe5 22. Nd2 Bh3 23. Rfe1 Qf6 24. Be4 Bxf2+ 25. Kh1 Bxe1 26. Rxe1 Rae8 27. Qc1
Qf2 28. Qd1 Rxe4 0-1

[Event "XIII Weekend Citta' di Firenze A"]
[Site "Firenze ITA"]
[Date "2005.12.10"]
[Round "4"]
[White "Garofalo, Simone"]
[Black "Novelli, Cristiano"]
[Result "0-1"]
[WhiteElo "1808"]
[BlackElo "2040"]
[PlyCount "90"]
[EventDate "2005.12.03"]

1. e4 e5 2. Nf3 Nc6 3. Bc4 Bc5 4. c3 Nf6 5. d4 exd4 6. cxd4 Bb4+ 7. Nc3 Nxe4 8.
O-O Bxc3 9. d5 Bf6 10. Re1 Ne7 11. Rxe4 d6 12. Bg5 Bxg5 13. Nxg5 h6 14. Qe2
hxg5 15. Re1 Be6 16. dxe6 f5 17. Rd4 c6 18. Qd2 d5 19. Qxg5 Qd6 20. g3 O-O-O
21. Bf1 Rh6 22. Ra4 Rxe6 23. Rxe6 Qxe6 24. Rxa7 Kb8 25. Ra3 d4 26. Qd2 Qe4 27.
Bd3 Qe5 28. Kf1 Rh8 29. Kg1 Re8 30. Qb4 Nd5 31. Qa5 f4 32. Bf1 g5 33. Qa7+ Kc7
34. Rb3 Rb8 35. a4 Ne7 36. Qb6+ Kd6 37. a5 Qc5 38. Qxc5+ Kxc5 39. gxf4 gxf4 40.
Bd3 Nd5 41. Be4 Nb4 42. Kg2 Rf8 43. Kf3 Kc4 44. Ra3 d3 45. Rc3+ Kd4 0-1

[Event "XIII Weekend Citta' di Firenze A"]
[Site "Firenze ITA"]
[Date "2005.12.10"]
[Round "4"]
[White "Sottani, Paolo"]
[Black "Fusari, Paolo"]
[Result "0-1"]
[WhiteElo "2043"]
[BlackElo "1991"]
[PlyCount "86"]
[EventDate "2005.12.03"]

1. e4 e5 2. Nf3 Nc6 3. Bb5 Nf6 4. Qe2 Bc5 5. c3 O-O 6. d3 d6 7. Bg5 h6 8. Bh4
g5 9. Bg3 Ne7 10. Nbd2 Ng6 11. O-O-O c6 12. Ba4 b5 13. Bc2 Nh5 14. Nb3 Nhf4 15.
Qf1 Bb6 16. h3 a5 17. d4 Qe7 18. Kb1 Ba6 19. Bxf4 Nxf4 20. g3 b4 21. c4 Ng6 22.
h4 g4 23. h5 Nh8 24. Nh4 a4 25. Nf5 Qg5 26. Nd2 exd4 27. f4 Qf6 28. Rh4 Rfb8
29. Rxg4+ Kf8 30. Bd3 Bc8 31. e5 Qxf5 32. Bxf5 Bxf5+ 33. Ne4 Bxg4 34. f5 dxe5
35. f6 Bxh5 36. Qh3 Bg6 37. Qxh6+ Ke8 38. Qxh8+ Kd7 39. Qh4 Rh8 40. Qg4+ Kc7
41. Kc1 Rh2 42. c5 Bxc5 43. Qg5 Bd6 0-1

[Event "XIII Weekend Citta' di Firenze A"]
[Site "Firenze ITA"]
[Date "2005.12.10"]
[Round "4"]
[White "Tocchioni, Doriano"]
[Black "Bini, Lorenzo"]
[Result "1-0"]
[WhiteElo "2257"]
[BlackElo "2016"]
[PlyCount "103"]
[EventDate "2005.12.03"]

1. d4 b6 2. c4 Bb7 3. Nc3 f5 4. Bg5 g6 5. e3 Bg7 6. Nf3 Nf6 7. Qb3 Qc8 8. Be2
Nc6 9. O-O-O d6 10. Bxf6 Bxf6 11. Nd5 Bg7 12. h4 e6 13. Nf4 Qd7 14. c5 d5 15.
h5 O-O-O 16. cxb6 cxb6 17. hxg6 hxg6 18. Nxg6 Rxh1 19. Rxh1 Qf7 20. Nf4 Kb8 21.
Kb1 Na5 22. Qd1 Bf6 23. Rh6 Rc8 24. Ne5 Bxe5 25. dxe5 Qc7 26. Nxe6 Qxe5 27. Qd4
Nc6 28. Qxe5+ Nxe5 29. Nd4 Ng4 30. Bxg4 fxg4 31. b4 Rf8 32. f4 gxf3 33. gxf3
Rg8 34. Kc2 Rg2+ 35. Kb3 Rd2 36. Re6 Rd3+ 37. Kc2 Ra3 38. Re8+ Bc8 39. Nb5
Rxa2+ 40. Kb3 Re2 41. Nd6 Kc7 42. Nxc8 Kd7 43. Rf8 Rxe3+ 44. Kc2 d4 45. Nxa7
Rc3+ 46. Kd2 Rb3 47. b5 Kd6 48. Rf5 Ke6 49. Nc6 Rb2+ 50. Kc1 Kxf5 51. Kxb2 Kf4
52. Nxd4 1-0

[Event "XIII Weekend Citta' di Firenze A"]
[Site "Firenze ITA"]
[Date "2005.12.11"]
[Round "5"]
[White "Bini, Lorenzo"]
[Black "Mattei, Marco"]
[Result "1/2-1/2"]
[WhiteElo "2016"]
[BlackElo "2101"]
[PlyCount "86"]
[EventDate "2005.12.03"]

1. f4 g6 2. Nf3 Bg7 3. g3 Nf6 4. Bg2 d6 5. d3 c5 6. Nbd2 Nc6 7. e3 Qc7 8. O-O
O-O 9. Re1 Rb8 10. h3 b5 11. g4 a6 12. Nf1 e6 13. Ng3 Ne8 14. Qe2 f5 15. gxf5
exf5 16. Kh1 Nf6 17. Qf2 Bb7 18. Ng5 Rbe8 19. Rb1 Nd8 20. Bd2 Bxg2+ 21. Qxg2
Qc6 22. a3 Qxg2+ 23. Kxg2 h6 24. Nf3 Kf7 25. e4 fxe4 26. dxe4 Kg8 27. Nh4 Kh7
28. f5 g5 29. Ng6 Rf7 30. h4 gxh4 31. Nxh4 Nc6 32. Ng6 Nd4 33. c3 Nc6 34. Bf4
Ne5 35. Bxe5 dxe5 36. Rbd1 Bf8 37. Kf3 c4 38. Rd2 Bc5 39. Red1 Rg7 40. Rh1 Rf7
41. Rdh2 Ng8 42. Rd1 Nf6 43. Rhd2 Rg7 1/2-1/2

[Event "XIII Weekend Citta' di Firenze A"]
[Site "Firenze ITA"]
[Date "2005.12.11"]
[Round "5"]
[White "Burbi, Marco"]
[Black "Bini, Alessandro"]
[Result "0-1"]
[WhiteElo "1808"]
[BlackElo "1826"]
[PlyCount "36"]
[EventDate "2005.12.03"]

1. e4 Nc6 2. d4 d6 3. Nc3 g6 4. f4 Bg7 5. Nf3 Nf6 6. h3 O-O 7. Bc4 Nxe4 8.
Bxf7+ Rxf7 9. Nxe4 h6 10. c3 Bf5 11. Nf2 e5 12. d5 Na5 13. fxe5 dxe5 14. Ng4 e4
15. Nfh2 Qh4+ 16. Nf2 Bxh3 17. O-O Bd7 18. Qe2 Be5 0-1

[Event "XIII Weekend Citta' di Firenze A"]
[Site "Firenze ITA"]
[Date "2005.12.11"]
[Round "5"]
[White "Fusari, Paolo"]
[Black "Campanella, Giovanni"]
[Result "0-1"]
[WhiteElo "1991"]
[BlackElo "1754"]
[PlyCount "84"]
[EventDate "2005.12.03"]

1. e4 e6 2. d4 d5 3. Nc3 Bb4 4. e5 c5 5. Bd2 cxd4 6. Nb5 Bc5 7. Qg4 Ne7 8. Qxg7
Rg8 9. Qxh7 Nbc6 10. Nf3 a6 11. Nd6+ Bxd6 12. exd6 Qxd6 13. O-O-O Bd7 14. Ng5
Rf8 15. f4 Nb4 16. Kb1 Nf5 17. g3 Rc8 18. Bxb4 Qxb4 19. Bd3 Ne3 20. Rde1 Nc4
21. Bxc4 dxc4 22. Kc1 c3 23. b3 Qa3+ 24. Kd1 Qxa2 25. Ke2 d3+ 26. Kxd3 Qa3 27.
Rd1 Qc5 28. Ke2 Bb5+ 29. Kf3 Bc6+ 30. Ne4 Qf5 31. Qxf5 exf5 32. Rd4 Bxe4+ 33.
Rxe4+ fxe4+ 34. Kxe4 f5+ 35. Kf3 Rf7 36. h3 Rc6 37. g4 fxg4+ 38. hxg4 Rd6 39.
g5 Kd7 40. Re1 Rd4 41. g6 Rfxf4+ 42. Ke3 Rfe4+ 0-1

[Event "XIII Weekend Citta' di Firenze A"]
[Site "Firenze ITA"]
[Date "2005.12.11"]
[Round "5"]
[White "Garofalo, Simone"]
[Black "Moncada, Cesar"]
[Result "1-0"]
[WhiteElo "1808"]
[BlackElo "1882"]
[PlyCount "87"]
[EventDate "2005.12.03"]

1. e4 c5 2. Nf3 Nc6 3. d4 cxd4 4. Nxd4 Nf6 5. Nc3 e6 6. Be2 Bb4 7. Nxc6 bxc6 8.
Bd3 d5 9. exd5 cxd5 10. Bd2 O-O 11. f4 Bb7 12. Qe2 Rc8 13. O-O Qb6+ 14. Kh1 Qc6
15. Rae1 a6 16. Nb1 Bc5 17. Be3 Bd6 18. Nd2 Ne4 19. Nb3 f6 20. Na5 Qd7 21. c3
Rb8 22. Ba7 Rbe8 23. Bg1 Ba8 24. Rd1 Qc7 25. Bxe4 Qxa5 26. Qh5 f5 27. Bb1 Qb5
28. b3 Rf6 29. Bd4 Rg6 30. Bd3 Qb8 31. Qf3 Rg4 32. g3 Qc7 33. Rfe1 Qf7 34. Bxa6
g5 35. h3 Qh5 36. Kg2 Bxf4 37. hxg4 fxg4 38. Qe2 Qh3+ 39. Kg1 Bxg3 40. Qg2 Qh4
41. Re2 Bf4 42. Bb5 Re7 43. Bc5 Rc7 44. Bd4 1-0

[Event "XIII Weekend Citta' di Firenze A"]
[Site "Firenze ITA"]
[Date "2005.12.11"]
[Round "5"]
[White "Gazzarri, Alberto"]
[Black "Bracali, Andrea"]
[Result "1/2-1/2"]
[WhiteElo "2158"]
[BlackElo "2111"]
[PlyCount "42"]
[EventDate "2005.12.03"]

1. e4 c6 2. d4 d5 3. e5 c5 4. c3 Nc6 5. Be2 Bf5 6. Nf3 e6 7. O-O cxd4 8. Nxd4
Nxd4 9. cxd4 Ne7 10. Qb3 Qd7 11. Be3 Nc6 12. Nc3 Be7 13. Rac1 O-O 14. g4 Bg6
15. f4 f6 16. f5 Bf7 17. Bf3 Rad8 18. fxe6 Bxe6 19. exf6 Bxf6 20. Rcd1 Na5 21.
Qb5 Nc4 1/2-1/2

[Event "XIII Weekend Citta' di Firenze A"]
[Site "Firenze ITA"]
[Date "2005.12.11"]
[Round "5"]
[White "Nones, Giorgio"]
[Black "Sottani, Paolo"]
[Result "1/2-1/2"]
[WhiteElo "1790"]
[BlackElo "2043"]
[PlyCount "67"]
[EventDate "2005.12.03"]

1. e4 c5 2. Nf3 e6 3. d4 cxd4 4. Nxd4 a6 5. c4 Qc7 6. Nc3 Nf6 7. Bd3 Be7 8. Nb3
d6 9. Be3 Nbd7 10. f4 b6 11. O-O Bb7 12. Qf3 Nc5 13. Nxc5 bxc5 14. Qh3 Rd8 15.
f5 e5 16. g4 h5 17. g5 Ng4 18. Bd2 f6 19. Be2 Kd7 20. g6 Bc6 21. Rfb1 Rb8 22.
a3 Qb7 23. Qd3 Bd8 24. b4 Bb6 25. b5 axb5 26. Rxb5 Bxb5 27. Nxb5 Qc6 28. h3 Nh6
29. Rd1 Qxb5 30. cxb5 c4+ 31. Qe3 Bxe3+ 32. Bxe3 Rxb5 33. Bxc4 Rb2 34. Rc1
1/2-1/2

[Event "XIII Weekend Citta' di Firenze A"]
[Site "Firenze ITA"]
[Date "2005.12.11"]
[Round "5"]
[White "Novelli, Cristiano"]
[Black "Tocchioni, Doriano"]
[Result "1-0"]
[WhiteElo "2040"]
[BlackElo "2257"]
[PlyCount "85"]
[EventDate "2005.12.03"]

1. e4 c5 2. Nc3 Nc6 3. g3 g6 4. Bg2 Bg7 5. d3 Nf6 6. h3 d6 7. Be3 Bd7 8. Nge2
Qc8 9. g4 h5 10. g5 Nh7 11. h4 Nd4 12. Nf4 Nf8 13. Ncd5 Nfe6 14. c3 Nxf4 15.
Bxf4 Nc6 16. Ne3 b5 17. O-O Rb8 18. Re1 b4 19. Rc1 bxc3 20. bxc3 Qa6 21. d4
cxd4 22. cxd4 Nxd4 23. Nd5 Qxa2 24. e5 dxe5 25. Bxe5 Bxe5 26. Rxe5 Ne6 27. Ra1
Qc4 28. Rxa7 Rd8 29. Nb6 Qf4 30. Rxe6 fxe6 31. Rxd7 O-O 32. Qc2 Qf7 33. Qd2
Rxd7 34. Nxd7 Qf4 35. Qe2 Rf7 36. Ne5 Rg7 37. Qe4 Qf5 38. Qd4 Kh7 39. Be4 Qh3
40. Qd3 Qxh4 41. Bxg6+ Kh8 42. Qd8+ Rg8 43. Qxe7 1-0

[Event "XIII Weekend Citta' di Firenze A"]
[Site "Firenze ITA"]
[Date "2005.12.11"]
[Round "6"]
[White "Bini, Alessandro"]
[Black "Bini, Lorenzo"]
[Result "1-0"]
[WhiteElo "1826"]
[BlackElo "2016"]
[PlyCount "123"]
[EventDate "2005.12.03"]

1. d3 g6 2. Nf3 Bg7 3. Nbd2 c5 4. c3 Nc6 5. g3 b6 6. Bg2 Bb7 7. O-O Qc7 8. Re1
e6 9. e4 d6 10. Nf1 h6 11. d4 Nf6 12. d5 exd5 13. exd5+ Ne7 14. Qa4+ Kf8 15. c4
Kg8 16. Bd2 Kh7 17. Nh4 Rhe8 18. Rad1 Kg8 19. Bc3 a6 20. Qc2 Rad8 21. Qd2 Kh7
22. Bf3 Bc8 23. Ne3 Neg8 24. Qc2 Bh3 25. Nhg2 Bc8 26. Nf4 Re7 27. h4 Kh8 28.
Neg2 Rde8 29. Rxe7 Rxe7 30. Qd2 Ng4 31. Ne6 fxe6 32. Bxg7+ Rxg7 33. Bxg4 e5 34.
Be6 Kh7 35. Ne3 Nf6 36. Qe2 Bxe6 37. dxe6 Qe7 38. Qd3 Qxe6 39. Qxd6 Re7 40. Qb8
Ne4 41. Qa8 Nf6 42. Rd8 Qf7 43. Rf8 Qg7 44. Nd5 Rf7 45. Rxf7 Qxf7 46. Nxb6 Ng4
47. Qg2 e4 48. Nd5 h5 49. Qf1 Qf3 50. Nf4 e3 51. Nh3 exf2+ 52. Qxf2 Nxf2 53.
Ng5+ Kg7 54. Nxf3 Nd3 55. b3 Nc1 56. Ne5 Nxa2 57. Nd7 Nb4 58. Nxc5 Kf6 59. Kf2
Ke5 60. Ke3 a5 61. Nd3+ Nxd3 62. Kxd3 1-0

[Event "XIII Weekend Citta' di Firenze A"]
[Site "Firenze ITA"]
[Date "2005.12.11"]
[Round "6"]
[White "Bracali, Andrea"]
[Black "Tocchioni, Doriano"]
[Result "1/2-1/2"]
[WhiteElo "2111"]
[BlackElo "2257"]
[PlyCount "65"]
[EventDate "2005.12.03"]

1. Nf3 d5 2. d4 c6 3. Bf4 Qb6 4. b3 Bg4 5. Ne5 Bf5 6. e3 Nf6 7. Bd3 Bxd3 8.
Qxd3 Nbd7 9. Nxd7 Nxd7 10. O-O e6 11. Nd2 Be7 12. c4 O-O 13. c5 Qd8 14. b4 b5
15. a4 a6 16. Ra2 g5 17. Bg3 f5 18. f4 g4 19. Rfa1 Rc8 20. axb5 axb5 21. Ra7
Rc7 22. Qa3 Nb8 23. Nb3 Rf7 24. Ra8 Kg7 25. Qa5 Qc8 26. Qa3 Bd8 27. Be1 h5 28.
Qb2 Kg6 29. R1a3 Rh7 30. Qa1 Rb7 31. Qa2 h4 32. Qa1 Qd7 33. Qa2 1/2-1/2

[Event "XIII Weekend Citta' di Firenze A"]
[Site "Firenze ITA"]
[Date "2005.12.11"]
[Round "6"]
[White "Campanella, Giovanni"]
[Black "Novelli, Cristiano"]
[Result "0-1"]
[WhiteElo "1754"]
[BlackElo "2040"]
[PlyCount "104"]
[EventDate "2005.12.03"]

1. e4 e5 2. Nf3 Nc6 3. d4 exd4 4. Bc4 Bc5 5. c3 Nf6 6. e5 d5 7. Bb5 Ne4 8. cxd4
Bb4+ 9. Bd2 Bxd2+ 10. Nbxd2 O-O 11. Rc1 Ne7 12. O-O Ng6 13. Bd3 Bf5 14. Qc2
Nxd2 15. Qxd2 Bxd3 16. Qxd3 Nf4 17. Qe3 Ne6 18. Rc3 h6 19. Rfc1 Qe7 20. Nd2 c5
21. Nb3 c4 22. Nd2 b5 23. f4 b4 24. R3c2 f5 25. Nf3 a5 26. g3 Kh7 27. h4 g6 28.
Rh2 Rg8 29. Kg2 Ra6 30. Rch1 Rc6 31. Ng5+ Nxg5 32. hxg5 h5 33. Qf3 Qf7 34. g4
fxg4 35. Qxg4 Kg7 36. Qf3 Rf8 37. Kg3 c3 38. Rc2 Rfc8 39. b3 Qf5 40. Rhc1 h4+
41. Kg2 Rf8 42. Qxd5 h3+ 43. Kh1 Rc7 44. Rf2 Rd7 45. Qxa5 Qe4+ 46. Kh2 Rxd4 47.
Rcf1 Rd2 48. e6 Qxf4+ 49. Kh1 Rxf2 50. Qa7+ Kg8 51. Rxf2 Qxf2 52. Qxf2 Rxf2 0-1

[Event "XIII Weekend Citta' di Firenze A"]
[Site "Firenze ITA"]
[Date "2005.12.11"]
[Round "6"]
[White "Fusari, Paolo"]
[Black "Bighiu, Gheorghe"]
[Result "1-0"]
[WhiteElo "1991"]
[BlackElo "2082"]
[PlyCount "57"]
[EventDate "2005.12.03"]

1. e4 e5 2. Nf3 Nf6 3. Bc4 Nxe4 4. Nc3 Nc6 5. Nxe4 d5 6. Bd3 dxe4 7. Bxe4 Ne7
8. c3 f5 9. Bc2 Nc6 10. d4 e4 11. Bg5 Be7 12. Bxe7 Qxe7 13. O-O O-O 14. Re1 Qf6
15. Nd2 Rd8 16. Nf1 Kh8 17. f3 exf3 18. Qxf3 Be6 19. Ne3 Qf7 20. Nxf5 Bxa2 21.
Qh3 h6 22. Rf1 Qg8 23. g4 Bf7 24. g5 Rd6 25. Rf4 Bg6 26. gxh6 gxh6 27. Kf2 Qh7
28. Rg1 Rf8 29. Ke2 1-0

[Event "XIII Weekend Citta' di Firenze A"]
[Site "Firenze ITA"]
[Date "2005.12.11"]
[Round "6"]
[White "Mattei, Marco"]
[Black "Gazzarri, Alberto"]
[Result "1/2-1/2"]
[WhiteElo "2101"]
[BlackElo "2158"]
[PlyCount "57"]
[EventDate "2005.12.03"]

1. e4 e5 2. Nf3 Nc6 3. Bb5 Bc5 4. O-O Nd4 5. Nxd4 Bxd4 6. c3 Bb6 7. a4 c6 8.
Be2 d6 9. Kh1 Ne7 10. d4 O-O 11. Be3 Ng6 12. Na3 Qe7 13. f3 exd4 14. cxd4 Kh8
15. Qd2 d5 16. e5 f6 17. a5 Bc7 18. f4 Bf5 19. Rac1 a6 20. Rc5 Bb8 21. b4 Ba7
22. Rcc1 fxe5 23. fxe5 Be4 24. Bf3 Bxf3 25. gxf3 Rf5 26. Nc2 Raf8 27. Ne1 Nf4
28. Ng2 Ne6 29. f4 1/2-1/2

[Event "XIII Weekend Citta' di Firenze A"]
[Site "Firenze ITA"]
[Date "2005.12.11"]
[Round "6"]
[White "Moncada, Cesar"]
[Black "Caporali, Roberto"]
[Result "1-0"]
[WhiteElo "1882"]
[BlackElo "1652"]
[PlyCount "82"]
[EventDate "2005.12.03"]

1. d4 e6 2. Nf3 c6 3. g3 d5 4. Bg2 f5 5. O-O Nf6 6. b3 Be7 7. Nbd2 O-O 8. c4
Nbd7 9. Ng5 Nb8 10. Ndf3 Ne4 11. Nh3 Nd7 12. Ne1 b6 13. Nd3 Bf6 14. Nhf4 Qe8
15. cxd5 cxd5 16. Bb2 g5 17. Nh3 Qg6 18. f3 Nd6 19. Ne5 Qg7 20. f4 g4 21. Nf2
Ba6 22. Ba3 Qe7 23. Qd2 Rfd8 24. Rfc1 Nf8 25. Nc6 Qg7 26. Nxd8 Rxd8 27. e3 h5
28. Rc6 Be7 29. Qc2 Bb5 30. Rc7 a6 31. Rc1 Bd7 32. Nd3 h4 33. Ne5 hxg3 34. hxg3
Be8 35. Nc6 Bxc6 36. Qxc6 Qf6 37. Qxb6 Ng6 38. R1c6 Qf8 39. Rxe7 Nxe7 40. Rxd6
Rc8 41. Rxe6 Rb8 1-0

[Event "XXVI Memorial Edoardo Crespi A"]
[Site "Milano ITA"]
[Date "2005.12.07"]
[Round "1"]
[White "Barberi, Alessandro"]
[Black "Grasso, Nino"]
[Result "1-0"]
[WhiteElo "2110"]
[BlackElo "1975"]
[PlyCount "69"]
[EventDate "2005.12.07"]

1. d4 Nf6 2. c4 c5 3. d5 b5 4. cxb5 a6 5. b6 Qxb6 6. Nc3 g6 7. Nf3 Bg7 8. Nd2
d6 9. e4 O-O 10. Be2 Nbd7 11. a4 Rb8 12. a5 Qc7 13. O-O Rb4 14. h3 Ne8 15. Nc4
Qb8 16. Qc2 Nc7 17. Bd2 Nb5 18. Nxb5 axb5 19. Bxb4 cxb4 20. Nb6 Nxb6 21. axb6
Qxb6 22. Ra8 Bb7 23. Rxf8+ Kxf8 24. Bg4 Bd4 25. Qd2 h5 26. Bd7 Bc5 27. g4 hxg4
28. hxg4 Kg7 29. Kg2 f6 30. g5 e5 31. gxf6+ Kxf6 32. Be6 Qc7 33. f4 Kg7 34.
fxe5 dxe5 35. Qg5 1-0

[Event "XXVI Memorial Edoardo Crespi A"]
[Site "Milano ITA"]
[Date "2005.12.07"]
[Round "1"]
[White "Bellani, Alessandro"]
[Black "Pattarello, Pierluigi"]
[Result "0-1"]
[WhiteElo "2116"]
[BlackElo "1969"]
[PlyCount "106"]
[EventDate "2005.12.07"]

1. d4 Nf6 2. c4 e6 3. Nc3 Bb4 4. e3 O-O 5. Bd3 c5 6. Nf3 Nc6 7. O-O Bxc3 8.
bxc3 d6 9. e4 e5 10. d5 Ne7 11. Nd2 Bg4 12. Qe1 Ng6 13. f3 Nf4 14. Bc2 Bd7 15.
g3 Nh3+ 16. Kg2 h6 17. f4 exf4 18. gxf4 Nh5 19. Nb3 Qf6 20. f5 Ng5 21. h4 Nh7
22. Bd1 g6 23. e5 dxe5 24. Bxh5 gxh5 25. Nxc5 Bxf5 26. Bxh6 Qxh6 27. Qxe5 Qg6+
28. Kh2 Bg4 29. Nxb7 Rae8 30. Qd4 Re2+ 31. Rf2 Rfe8 32. Rg1 Rxf2+ 33. Qxf2 Re2
34. Qxe2 Bxe2 35. Rxg6+ fxg6 36. Na5 Nf6 37. Kg3 Nd7 38. Kf4 Kf7 39. Ke3 Bf1
40. Kd4 g5 41. hxg5 h4 42. c5 h3 43. c6 Nb6 44. d6 h2 45. g6+ Kxg6 46. d7 h1=Q
47. d8=Q Qg1+ 48. Ke5 Qg3+ 49. Ke6 Qg4+ 50. Ke7 Qh4+ 51. Ke8 Qh8+ 52. Ke7 Qf6+
53. Ke8 Qf7# 0-1

[Event "XXVI Memorial Edoardo Crespi A"]
[Site "Milano ITA"]
[Date "2005.12.07"]
[Round "1"]
[White "Bernago, Federico"]
[Black "Jara, Erik"]
[Result "0-1"]
[WhiteElo "1981"]
[BlackElo "2139"]
[PlyCount "112"]
[EventDate "2005.12.07"]

1. e4 e6 2. d3 d5 3. Nd2 Nf6 4. Ngf3 Bc5 5. e5 Nfd7 6. d4 Be7 7. Bd3 c5 8. c3
b6 9. Qe2 Nc6 10. a3 O-O 11. Nf1 f6 12. exf6 Nxf6 13. g4 Bd6 14. Ne5 Qc7 15. f4
cxd4 16. Nxc6 Qxc6 17. cxd4 Ne4 18. Ng3 Bxf4 19. O-O Nxg3 20. hxg3 Bd6 21. Bf4
Bxf4 22. Rxf4 Rxf4 23. gxf4 Qd6 24. Rf1 Bd7 25. Qh2 g6 26. Qe2 Rf8 27. Qe3 a5
28. Kg2 b5 29. Qe5 Qxe5 30. fxe5 b4 31. Rxf8+ Kxf8 32. axb4 axb4 33. Kg3 Ba4
34. Kf4 Bd1 35. g5 Kg7 36. Bb5 Bc2 37. Kg4 h5+ 38. gxh6+ Kxh6 39. Kg3 Kg5 40.
Be8 Kf5 41. Bf7 Bd1 42. Kh4 g5+ 43. Kg3 Ke4 44. Bxe6 Kxd4 45. Kf2 Kxe5 46. Bd7
Kd4 47. Ke1 Bf3 48. Kf2 Be4 49. Bb5 Bd3 50. Bd7 Kc4 51. Ba4 Be4 52. Bd1 Kd3 53.
Ke1 Ke3 54. Be2 d4 55. Kd1 d3 56. Bg4 Bf3+ 0-1

[Event "XXVI Memorial Edoardo Crespi A"]
[Site "Milano ITA"]
[Date "2005.12.07"]
[Round "1"]
[White "Bettini, Massimo"]
[Black "D'Alfonso, Nicola"]
[Result "0-1"]
[WhiteElo "1923"]
[BlackElo "2098"]
[PlyCount "44"]
[EventDate "2005.12.07"]

1. e4 c5 2. Nf3 d6 3. d4 cxd4 4. Nxd4 Nf6 5. Nc3 a6 6. Rg1 e5 7. Nb3 b5 8. Bg5
Be7 9. Bxf6 Bxf6 10. Qf3 Be6 11. Nd5 Bxd5 12. exd5 O-O 13. Qe4 g6 14. O-O-O
Bg5+ 15. Kb1 f5 16. Qf3 a5 17. Bxb5 a4 18. Nc1 a3 19. b3 e4 20. Qh3 Qb6 21. Bc4
Ra4 22. Ka1 Rxc4 0-1

[Event "XXVI Memorial Edoardo Crespi A"]
[Site "Milano ITA"]
[Date "2005.12.07"]
[Round "1"]
[White "Bevilacqua, Maurizio"]
[Black "D'Apa, Matteo"]
[Result "1-0"]
[WhiteElo "2172"]
[BlackElo "2004"]
[PlyCount "57"]
[EventDate "2005.12.07"]

1. d4 d5 2. Nf3 c6 3. e3 Nf6 4. Bd3 e6 5. O-O Bd6 6. b3 O-O 7. Bb2 Nbd7 8. Ne5
b6 9. Nd2 Bb7 10. f4 Rc8 11. Rf3 Ne4 12. Rh3 f5 13. Ndf3 Ndf6 14. Qe2 c5 15. c4
Qe7 16. Rd1 Rc7 17. cxd5 exd5 18. Nh4 Qe6 19. Bxe4 dxe4 20. Rg3 cxd4 21. Bxd4
Rfc8 22. Rg5 Rc2 23. Qe1 Rxa2 24. Nxf5 Rc7 25. Qg3 Bf8 26. Ng4 Nxg4 27. Qxg4
Kh8 28. Rxg7 Rxg7 29. Bxg7+ 1-0

[Event "XXVI Memorial Edoardo Crespi A"]
[Site "Milano ITA"]
[Date "2005.12.07"]
[Round "1"]
[White "Bonade', Massimo"]
[Black "Frova, Martino"]
[Result "1-0"]
[WhiteElo "2070"]
[BlackElo "1899"]
[PlyCount "93"]
[EventDate "2005.12.07"]

1. d4 Nf6 2. c4 g6 3. Nc3 Bg7 4. e4 d6 5. Nf3 O-O 6. Be2 c5 7. O-O Na6 8. d5
Nc7 9. Bf4 h6 10. h3 g5 11. Bh2 Nfe8 12. Nd2 f5 13. f4 e6 14. dxe6 Bxe6 15.
exf5 Bxf5 16. g4 Bd7 17. f5 Bd4+ 18. Kg2 Nf6 19. Bf3 Bc6 20. Qc2 Bxc3 21. Qxc3
d5 22. Qe5 Rc8 23. Rae1 Re8 24. Qd6 Qxd6 25. Bxd6 Na6 26. Be7 Ne4 27. Bxe4 dxe4
28. f6 Rxe7 29. fxe7 e3+ 30. Nf3 Nb4 31. Rxe3 Nc2 32. e8=Q+ Rxe8 33. Rxe8+ Bxe8
34. Kf2 Nb4 35. Ne5 Kg7 36. Ke3 Nc2+ 37. Kd3 Nb4+ 38. Kd2 a6 39. a3 Nc6 40.
Nxc6 Bxc6 41. Rf2 b5 42. Kc3 Be4 43. b4 cxb4+ 44. axb4 bxc4 45. Kxc4 Kg6 46.
Re2 Bf3 47. Re6+ 1-0